| 000 | 00818nam a22002297a 4500 | ||
|---|---|---|---|
| 003 | DO-SdBNP | ||
| 005 | 20220511121418.0 | ||
| 008 | 110301s2020 dr d 000 0 spa d | ||
| 020 | _a9789945922691 | ||
| 040 |
_aDO-SdBNP _bspa _cBNPHU |
||
| 082 | 4 |
_axxxx _bT233n |
|
| 100 | 1 |
_aTaveras Jiménez, Carmen Josefina _953018 _eDra. |
|
| 245 | 1 | 0 |
_aNutrición deportiva orientada al fisicoculturismo / _cCarmen Josefina Taveras Jiménez |
| 260 |
_aSanto Domingo : _bBien-etre media group, _c2020. |
||
| 300 |
_a248 p. : _bgraf. _c23 cm. |
||
| 500 | _aIncluye datos biográficos del autor en la solapa de la portada. | ||
| 504 | _aBibliografía p: 232-244 | ||
| 590 | _aInventariado, 2022/ YL | ||
| 590 | _aLa biblioteca posee un (1) ejemplar autografiado por la autora. | ||
| 910 | _aYLockward | ||
| 942 |
_2ddc _cLBS1 |
||
| 999 |
_c51697 _d51697 |
||